[Event "CZE-ch Open 2019"]
[Site "Ostrava"]
[Date "2019.04.27"]
[Round "1.11"]
[White "Ludvik, Tomas"]
[Black "Simacek, Pavel"]
[Result "0-1"]
[WhiteElo "2222"]
[BlackElo "2471"]
[Annotator "TA"]
[PlyCount "46"]
[EventDate "2019.04.27"]
[EventType "swiss"]
[EventCountry "CZE"]
[SourceTitle "playchess.com"]
[Source "ChessBase"]
[SourceQuality "1"]

{[%evp 18,46,35,27,36,29,37,36,50,26,34,17,29,-8,0,0,0,-218,-217,-245,-270,-470,-474,-458,-451,-462,-453,-558,-545,-539,-531]} 1. d4 c5 2. d5 Nf6 3. c4 e6 4. Nc3 exd5 5. cxd5 d6 6. Nf3 g6 7. Bf4 a6 8. a4 Bg7 9. h3 O-O 10. e3 Ne8 {A61: Modern Benoni: Nf3 without early e4} (10... Qe7 11. Bd3 Nbd7 12. O-O Ne8 13. e4 Rb8 14. Re1 Nc7 15. Qd2 Ne5 16. Nxe5 Bxe5 17. Bxe5 Qxe5 18. a5 {1-0 (42) Akobian,V (2647)-Ponkratov,P (2613) Riadh 2017}) 11. Be2 Nd7 12. O-O Rb8 {White is slightly better.} 13. Nd2 Ne5 14. Bh2 f5 15. Qb3 $146 ({Predecessor:} 15. a5 Bd7 16. Qc2 Nc7 17. Rfd1 Bb5 18. Nxb5 axb5 {½-½ (50) Diermair,A (2490)-Steindl,J (2238) Austria 2018}) 15... b5 16. axb5 axb5 17. Bxb5 $2 ({Don't play} 17. Nxb5 Bd7 $17) (17. Bxe5 $11 {and White has nothing to worry.} Bxe5 18. Nc4 {[%mdl 64] Pin} (18. Nxb5 Bd7 $17) (18. Bxb5 $2 Nc7 $19)) 17... Nc7 $19 18. Ra5 {[#]} Bd7 $1 19. Ndb1 $2 (19. Rfa1 Nf7 20. Ndb1 Bxc3 21. bxc3 (21. Nxc3 $2 Bxb5 22. R5a3 Be2 $19) 21... Nxb5 22. Qa2) 19... Nxb5 {Black is clearly winning.} 20. Rxb5 Bxb5 21. Nxb5 Qa5 22. Bxe5 Bxe5 23. N1a3 Qb4 {Accuracy: White = 25%, Black = 73%.} 0-1

[Event "CZE-ch Open 2019"]
[Site "Ostrava"]
[Date "2019.04.27"]
[Round "1.12"]
[White "Zwardon, Vojtech"]
[Black "Babula, Milan"]
[Result "1-0"]
[WhiteElo "2458"]
[BlackElo "2204"]
[Annotator "TA"]
[PlyCount "97"]
[EventDate "2019.04.27"]
[EventType "swiss"]
[EventCountry "CZE"]
[SourceTitle "playchess.com"]
[Source "ChessBase"]
[SourceQuality "1"]

{[%evp 9,101,41,65,54,70,56,92,106,87,60,63,51,70,56,154,137,179,195,186,196,196,196,196,197,184,190,224,196,196,195,196,196,184,195,186,187,196,196,186,189,196,169,268,262,260,246,385,372,344,225,232,202,209,202,216,226,313,311,328,336,333,290,285,283,247,198,239,224,211,219,387,384,410,412,509,509,1591,1546,1601,1310,2533,2476,2317,1798,1623,1416,29977,29977,29986,29982,29980,29982,29986,29987]} 1. c4 e5 2. g3 f5 3. d4 Bb4+ (3... d6 4. Nc3 Nf6 5. Bg2 Be7 6. b3 O-O 7. Bb2 c6 8. e3 e4 9. Nh3 d5 10. O-O Be6 11. Ng5 Bd7 12. f3 Na6 13. a3 Nc7 {½-½ (50) Howell,D (2644)-Yu,Y (2729) Doha 2016}) 4. Nd2 exd4 5. Ngf3 c5 6. Bg2 {[%mdl 1024] White has compensation. A20: English Opening: 1...e5} Nf6 7. O-O O-O {[#]} 8. Nb3 $1 {White is better.} d6 9. e3 dxe3 10. Bxe3 Nc6 11. Qd3 Be6 $146 {[#]} (11... Ne4 $14) ({Predecessor:} 11... Ne4) 12. Ng5 $1 $16 {[%cal Rg5e6]} Ne5 13. Nxe6 Nxd3 14. Nxd8 Raxd8 15. a3 Be1 16. Rfxe1 Nxe1 17. Rxe1 Rfe8 18. Rd1 b6 19. Nc1 h6 20. h3 g5 21. Ne2 Ne4 22. h4 Kf7 23. hxg5 hxg5 24. Bxe4 Rxe4 25. Bxg5 {Threatens to win with Nc3.} Rd7 (25... Rg8 $142) 26. Nf4 $18 Rxc4 27. Rd5 Rd4 (27... b5 {might work better.} 28. Rxf5+ Ke8) 28. Rxf5+ Ke8 29. Rf6 Rf7 30. Re6+ Kd7 {White should prevent ...Rdxf4.} 31. Re2 d5 32. Kg2 Rd1 33. Ng6 Rg7 34. Ne5+ Kd6 35. f4 d4 36. Kf3 Kd5 37. Ng4 Rf1+ 38. Kg2 Rb1 39. Nf2 Kc4 $2 (39... c4 40. Ne4 Kc6) 40. g4 Kb3 41. Bf6 Rf7 42. g5 Rxb2 (42... Rf8 $142 43. f5 c4) 43. Rxb2+ Kxb2 44. f5 Kxa3 45. g6 Rxf6 {[%mdl 4096] Endgame KR-KN} 46. g7 Rxf5 47. g8=Q b5 48. Qg6 {White mates.} Rd5 49. Qd3+ {Played: Qg6-a6} 1-0

[Event "CZE-ch Open 2019"]
[Site "Ostrava"]
[Date "2019.04.27"]
[Round "1.13"]
[White "Kanakova, Natalie"]
[Black "Kraus, Tomas"]
[Result "1/2-1/2"]
[WhiteElo "2202"]
[BlackElo "2456"]
[Annotator "TA"]
[PlyCount "108"]
[EventDate "2019.04.27"]
[EventType "swiss"]
[EventCountry "CZE"]
[SourceTitle "playchess.com"]
[Source "ChessBase"]
[SourceQuality "1"]

{[%evp 10,108,17,-49,-21,-15,-18,-40,-28,-81,-90,-99,-97,-99,-99,-94,-82,-82,-75,-80,-70,-82,-66,-82,-76,-99,-99,-99,-94,-104,-88,-106,-82,-82,-58,-59,-27,-46,-8,-8,0,0,0,0,0,0,0,0,0,0,8,8,4,0,0,0,0,0,0,0,0,0,0,0,0,-2,-2,-2,-2,-2,-2,-2,-2,-2,-2,-2,-2,-2,0,-2,0,-2,-2,-2,-2,-2,-2,-2,-2,-2,0,0,0,0,0,0,0,0,0,0,0]} 1. c4 c5 2. Nc3 Nf6 3. g3 Nc6 4. Bg2 e6 5. e4 d5 6. d3 ({Better is} 6. exd5 $11 exd5 7. cxd5) 6... dxc4 {A19: English Opening: Flohr-Mikenas System with 3...c5} 7. dxc4 Qxd1+ 8. Kxd1 (8. Nxd1 Nd4 9. Ne3 Bd6 10. Ne2 Bd7 11. b3 Bc6 12. Bb2 O-O-O 13. Nc3 h5 14. h4 {0-1 (29) De Eccher,S (2211)-Markus,R (2662) Ortisei 2016}) 8... Bd7 {Black is slightly better.} 9. Be3 (9. Ke2 $11 {keeps the balance.}) 9... Ng4 $17 10. Nf3 $146 ({Predecessor:} 10. Nge2 Nxe3+ 11. fxe3 Ne5 12. b3 Ng4 13. Kd2 O-O-O 14. Nf4 {0-1 (26) Pavlovic,R (2320)-Zelcic,R (2450) Pula 1993}) 10... Nxe3+ 11. fxe3 Bd6 12. Ke2 Ne5 13. Rad1 Bb8 ({And not} 13... Nxc4 14. b3 $16) 14. b3 Nxf3 15. Kxf3 Bc6 16. Kf2 Ke7 17. Rd3 Be5 18. Ne2 Rad8 19. Rhd1 Rxd3 20. Rxd3 h5 21. h4 f6 22. Nf4 {[#] Ng6+ is the strong threat.} Rh6 (22... Be8 {seems wilder.} 23. Rd1 b6 24. Nd3 Bb8 25. e5 Bxe5 26. Nxe5 fxe5 27. Be4 Rg8) 23. Rd1 g5 24. Nd3 {The position is equal.} gxh4 25. gxh4 Bd6 26. Bf3 Rg6 27. Nf4 Bxf4 28. exf4 $11 {[%mdl 4096] Endgame KRB-KRB} Rg8 29. a3 e5 30. fxe5 fxe5 31. Rg1 Rxg1 32. Kxg1 {KB-KB} Be8 33. Kf2 Kf6 34. Ke3 Kg6 35. Be2 Bd7 36. Bd1 Be6 37. a4 Bg4 38. Bc2 b6 39. Kd2 Kf6 40. Kc3 Ke6 41. Kd2 Kd6 42. Kc3 Kc6 43. Bd3 Bd1 44. Bf1 Bf3 45. Bd3 Kb7 46. Bc2 Ka6 47. Kd2 Ka5 {[#] And now ...Kb4 would win.} 48. Kc3 $1 Be2 49. Bb1 a6 50. Bc2 Bf3 51. Bd3 Bd1 52. Bb1 Bf3 53. Bd3 Bg4 54. Bc2 Bf3 {Accuracy: White = 87%, Black = 54%.} 1/2-1/2

[Event "CZE-ch Open 2019"]
[Site "Ostrava"]
[Date "2019.04.27"]
[Round "1.14"]
[White "Biolek, Richard Jr."]
[Black "Belunek, Vladimir"]
[Result "1-0"]
[WhiteElo "2442"]
[BlackElo "2201"]
[Annotator "RC"]
[PlyCount "49"]
[EventDate "2019.04.27"]
[EventType "swiss"]
[EventCountry "CZE"]
[SourceTitle "playchess.com"]
[Source "ChessBase"]
[SourceQuality "1"]
[TimeControl "40/5400+30:1800+30"]

1. d4 {[%emt 0:00:00]} d5 {[%emt 0:00:17]} 2. Bf4 {[%emt 0:00:00]} Nf6 {[%emt 0:00:21]} 3. e3 {[%emt 0:00:02]} c5 {[%emt 0:01:21]} 4. Nf3 {[%emt 0:09:37]} Nc6 {[%emt 0:00:15]} 5. Be2 {[%emt 0:17:28]} cxd4 {[%emt 0:05:13]} 6. exd4 {[%emt 0:00:03]} Bf5 {[%emt 0:00:51]} 7. O-O {[%emt 0:00:15]} h6 {[%emt 0:00:36]} 8. c3 {[%emt 0:11:36]} e6 {[%emt 0:01:19]} 9. Qb3 {[%emt 0:00:19]} Qc8 {[%emt 0:04:16]} 10. Ne5 {[%emt 0:04:40]} Be7 {[%emt 0:04:09]} 11. Ba6 {[%emt 0:06:41]} bxa6 {[%emt 0:38:47]} 12. Qa4 {[%emt 0:00:14]} O-O {[%emt 0:09:17]} 13. Nxc6 {[%emt 0:00:59]} Re8 {[%emt 0:00:39]} 14. Nxe7+ {[%emt 0:04:11]} Rxe7 {[%emt 0:00:12]} 15. Nd2 {[%emt 0:00:15]} Rb7 {[%emt 0:06:15]} 16. Qa3 {[%emt 0:00:31]} Nd7 {[%emt 0:11:02]} 17. Rac1 {[%emt 0:01:03]} Rb6 {[%emt 0:02:08]} 18. c4 {[%emt 0:06:05]} Rc6 {[%emt 0:00:53]} 19. c5 {[%emt 0:04:28]} e5 {[%emt 0:02:32]} 20. Bxe5 {[%emt 0:00:46]} Nxe5 {[%emt 0:00:06]} 21. dxe5 {[%emt 0:00:01]} Qc7 {[%emt 0:01:46]} 22. Nf3 {[%emt 0:04:00]} Be4 {[%emt 0:00:36]} 23. Nd4 {[%emt 0:00:05]} Rg6 {[%emt 0:00:17]} 24. f3 {[%emt 0:00:06]} Qxe5 {[%emt 0:00:34]} 25. Qe3 {[%emt 0:00:02]} 1-0

[Event "CZE-ch Open 2019"]
[Site "Ostrava"]
[Date "2019.04.27"]
[Round "1.15"]
[White "Bulockin, Martin"]
[Black "Cernousek, Lukas"]
[Result "0-1"]
[WhiteElo "2199"]
[BlackElo "2438"]
[Annotator "TA"]
[PlyCount "103"]
[EventDate "2019.04.27"]
[EventType "swiss"]
[EventCountry "CZE"]
[SourceTitle "playchess.com"]
[Source "ChessBase"]
[SourceQuality "1"]

{[%evp 9,103,0,0,0,0,0,0,0,0,0,0,0,0,0,0,-14,-17,-24,-16,-27,-15,-25,-21,-24,-25,-29,-20,-51,-26,-26,-20,-29,-25,-26,-32,-25,-29,-43,-20,-30,-37,-59,-49,-105,-68,-118,-128,-133,-125,-144,-146,-150,-147,-143,-122,-120,-108,-142,-155,-126,-132,-128,-129,-164,-161,-167,-161,-198,-186,-214,-209,-268,-262,-335,-345,-281,-241,-235,-224,-439,-467,-359,-83,-4602,-4602,-29972,-29973,-29973,-29974,-29972,-29972,-29969,-29973,-29972,-29971,-29985]} 1. d4 d5 2. Bf4 c5 3. e3 cxd4 4. exd4 Nc6 5. c3 Bf5 (5... Nf6 6. Nd2 Bg4 7. Qb3 Qc8 8. Ngf3 e6 9. Bd3 Bh5 10. O-O Bg6 11. Bxg6 hxg6 12. Rae1 Be7 13. g3 O-O 14. Ne5 Nxe5 15. dxe5 Nd7 16. h4 Nc5 17. Qc2 Qc6 18. Re3 Qa6 19. Qb1 Rac8 20. Kg2 b5 {0-1 (50) Duda,J (2738)-Van Foreest,J (2612) Wijk aan Zee 2019}) 6. Bd3 {B13: Caro-Kann: Exchange Variation and Panov-Botvinnik Attack} Bxd3 7. Qxd3 e6 8. Nf3 {The position is equal.} Nge7 9. Nbd2 Ng6 10. Bg3 Bd6 11. O-O $146 ({Predecessor:} 11. Qe3 O-O 12. Ne5 Bxe5 13. Bxe5 {0-1 (42) Ehab,T (1841)-Girya,O (2456) Astana 2019}) 11... Bxg3 12. fxg3 O-O 13. Kh1 Re8 14. Rae1 Qd6 15. Nb3 Re7 16. Rd1 Rd8 17. Qb5 f6 18. Na5 Nxa5 (18... a6 {keeps more tension.} 19. Qb6 Nxa5 20. Qxa5 e5 21. Rd2 e4) 19. Qxa5 a6 20. Rfe1 Nh8 21. Qa4 Nf7 22. Qb3 Qc6 23. a4 a5 24. Qa3 Nd6 25. Kg1 Rde8 26. b4 (26. Kh1 $15) 26... b6 27. g4 Ne4 28. Re3 Rc7 {[%cal Re4c3]} 29. b5 {[#]} Qd6 $1 {[%cal Rd6a3]} 30. Qxd6 Nxd6 31. Nd2 Kf7 32. g5 Rec8 33. Rde1 Rxc3 ({Don't play} 33... fxg5 $6 34. Rf1+ Ke7 35. Rfe1 $11) 34. Rxe6 Re8 35. Rxe8 Nxe8 36. gxf6 gxf6 $17 {[%mdl 4096] Endgame KRN-KRN} 37. Ra1 Nd6 38. Ra2 Ne4 39. Nxe4 dxe4 $19 {KR-KR} 40. Kf2 Ke6 41. d5+ Kxd5 42. Rd2+ Kc5 {[#] Threatens to win with ...e3+.} 43. Rd7 Kb4 44. Rxh7 $2 (44. Rd6 {was worth a try.}) 44... Kxa4 45. h4 Kb3 $2 (45... Kxb5 $19 {has better winning chances. Strongly threatening ...a4.} 46. h5 Rc2+ 47. Kg3 a4) 46. Rh8 $2 {[%mdl 8192]} (46. Rb7 $17) 46... a4 {[%cal Ba5a4,Ba4a3,Ba3a2][%mdl 32]} 47. h5 a3 {Black mates.} 48. h6 a2 49. Ra8 Rc7 50. Ke3 Rh7 51. Kxe4 Rxh6 52. Kd4 {Accuracy: White = 36%, Black = 65%.} 0-1

[Event "CZE-ch Open 2019"]
[Site "Ostrava"]
[Date "2019.04.27"]
[Round "1.16"]
[White "Kislinsky, Alexey"]
[Black "Bartos, Jan"]
[Result "1-0"]
[WhiteElo "2429"]
[BlackElo "2178"]
[Annotator "TA"]
[PlyCount "55"]
[EventDate "2019.04.27"]
[EventType "swiss"]
[EventCountry "CZE"]
[SourceTitle "playchess.com"]
[Source "ChessBase"]
[SourceQuality "1"]

{[%evp 9,55,29,54,46,53,31,45,28,59,22,50,47,97,16,32,10,36,57,30,45,37,45,102,80,91,81,56,39,197,194,493,514,484,441,3124,3045,5506,5500,5436,5429,5028,5014,2405,2386,1738,1474,1339,802]} 1. e4 d5 2. exd5 Qxd5 3. Nc3 Qd8 4. d4 Nf6 5. h3 (5. Nf3 g6 6. Be2 Bg7 7. O-O O-O 8. h3 Nc6 9. Be3 b6 10. Qd2 Bb7 11. Rad1 e6 12. Bh6 Ne7 13. Bxg7 Kxg7 {½-½ (23) Giri,A (2783)-Nakamura,H (2746) St Petersburg 2018}) 5... g6 6. Nf3 {B01: Scandinavian Defence} Bg7 7. Bf4 O-O 8. Qd2 {White is slightly better.} Nc6 9. Bc4 b6 $146 ({Predecessor:} 9... Re8 10. O-O-O a6 11. Ne5 Nxe5 12. Bxe5 c6 13. Rhe1 b5 14. Bb3 {1-0 (48) Romanelli,G (2010)-Frangione,F (1737) Moron 2018}) 10. O-O-O e6 11. Bh6 (11. d5 $16 Na5 12. Qe2 Nxc4 13. dxe6) 11... Bb7 $11 12. h4 Ne7 13. Bxg7 Kxg7 14. h5 $36 {[%mdl 2048] White is pushing.} Nxh5 15. Be2 {And now g4 would win.} Nf6 {[#]} (15... Ng8 $14) 16. Qh6+ $1 $16 Kh8 17. g4 {Hoping for Ng5.} Neg8 18. Qh4 h5 $2 (18... h6 $14) 19. gxh5 $18 Nxh5 $2 (19... g5 {keeps fighting.} 20. Qxg5 Nd5) 20. Ng5 {White is clearly winning.} Ngf6 {[#]} 21. d5 $1 {[%mdl 512]} e5 (21... Qe7 $142 22. Rdg1 c5 23. Bxh5 Kg7 24. Bxg6 Rh8 25. Nxe6+ Qxe6 26. Bh7+ Kf8 27. dxe6 Ke7) (21... Bxd5 22. Nxd5) 22. Rdg1 {[%cal Re2h5]} Bxd5 23. Nxd5 Qxd5 24. Bxh5 Nxh5 {[#]} 25. Qxh5+ $1 {[%mdl 512]} Kg7 (25... gxh5 26. Rxh5+) 26. Qh6+ Kf6 27. Nh7+ Ke7 28. Nxf8 {Accuracy: White = 64%, Black = 25%.} 1-0

[Event "CZE-ch Open 2019"]
[Site "Ostrava"]
[Date "2019.04.27"]
[Round "1.17"]
[White "Horak, Jan"]
[Black "Pulpan, Jakub"]
[Result "1/2-1/2"]
[WhiteElo "2158"]
[BlackElo "2418"]
[Annotator "TA"]
[PlyCount "71"]
[EventDate "2019.04.27"]
[EventType "swiss"]
[EventCountry "CZE"]
[SourceTitle "playchess.com"]
[Source "ChessBase"]
[SourceQuality "1"]

{[%evp 10,71,14,12,10,8,14,7,24,8,16,23,21,18,28,16,10,-3,19,14,22,26,39,28,25,19,66,0,21,-8,6,0,74,15,51,36,39,33,37,39,58,41,41,0,25,18,36,26,59,0,41,35,34,33,50,0,33,0,19,32,89,98,95,115]} 1. e4 e5 2. Nf3 Nc6 3. Bc4 Nf6 4. d3 Bc5 5. O-O d6 6. h3 a6 {C50: Hungarian Defence and Giuoco Pianissimo} 7. a4 Ba7 8. Be3 $146 ({Predecessor:} 8. c3 O-O 9. Bg5 h6 10. Bh4 g5 11. Nxg5 hxg5 12. Bxg5 Kg7 13. Qf3 {1-0 (43) Nepomniachtchi,I (2767)-Fressinet,L (2672) Doha 2016}) 8... O-O {The position is equal.} 9. Nbd2 Ne7 {[%cal Bc6e7,Be7g6,Bg6f4][%mdl 32]} 10. Bxa7 Rxa7 11. c3 Ng6 12. Re1 Nf4 13. Kh2 c6 14. d4 Qc7 15. dxe5 dxe5 16. Qc2 b5 17. Bf1 Qb6 18. Nb1 (18. Kg1 $14) 18... Re8 19. g3 {[#] Hoping for a5.} Ng6 20. c4 Qc5 (20... Be6 $11) 21. Qe2 (21. axb5 $16 cxb5 {[#]} 22. b4 $1 {[%mdl 512]}) 21... b4 22. Nbd2 h5 23. Nb3 Qe7 24. Qe3 a5 25. Rad1 h4 26. Qc5 Qc7 27. Qd6 Qb7 28. Ng5 Nh7 29. Nf3 (29. Nxh7 $1 $14 Kxh7 30. Be2) 29... hxg3+ 30. fxg3 Nhf8 31. Qc5 Qc7 32. Qd6 Qb7 $1 33. Qc5 Ne6 34. Qe3 c5 (34... Qe7 $14) 35. Nxc5 $16 Nxc5 36. Qxc5 {Accuracy: White = 47%, Black = 31%.} 1/2-1/2

[Event "CZE-ch Open 2019"]
[Site "Ostrava"]
[Date "2019.04.27"]
[Round "1.18"]
[White "Roubalik, Jakub"]
[Black "Havelka, Ondrej"]
[Result "1-0"]
[WhiteElo "2417"]
[BlackElo "2156"]
[Annotator "TA"]
[PlyCount "69"]
[EventDate "2019.04.27"]
[EventType "swiss"]
[EventCountry "CZE"]
[SourceTitle "playchess.com"]
[Source "ChessBase"]
[SourceQuality "1"]

{[%evp 13,69,18,16,-2,0,0,0,-9,0,1,0,-19,0,0,0,0,0,0,0,0,-26,-50,-52,-55,-33,-33,-30,-35,34,28,70,77,80,76,506,502,452,63,65,66,156,158,229,229,329,327,627,625,612,583,555,506,501,498,670,662,661,661]} 1. d4 d5 2. c4 e6 3. Nc3 Be7 4. Nf3 Nf6 5. Bf4 O-O 6. e3 b6 7. cxd5 Nxd5 8. Bd3 {D37: Queen's Gambit Declined: 5 Bf4} (8. Nxd5 Qxd5 9. Bd3 Qa5+ 10. Kf1 Ba6 11. Bxc7 Bxd3+ 12. Qxd3 Na6 13. Bg3 Nb4 14. Qe2 Rfc8 15. a3 Qa4 {0-1 (54) Caruana,F (2832)-Nakamura,H (2746) London 2018}) 8... Nxf4 9. exf4 Bb7 10. O-O {The position is equal.} Nd7 11. Qe2 Nf6 12. Rfe1 $146 ({Predecessor:} 12. Rac1 Nd5 13. Nxd5 Bxd5 14. Be4 Rc8 15. Ne5 a5 16. Bxd5 Qxd5 {1-0 (47) Heimann,A (2591)-Tazzioli,L (2114) Barcelona 2017}) 12... c5 13. dxc5 Bxc5 14. Rad1 {Black should prevent Bxh7+!} Qc7 15. Ne5 Rad8 16. Bc4 Ba8 17. Kh1 g6 18. f3 Nh5 19. g3 Ng7 20. Ne4 Be7 (20... Bxe4 $15 21. fxe4 Bd4) 21. Rc1 $14 {Hoping for Bd5!} Qb7 22. Bb5 $36 {[%mdl 2048] White has strong initiative.} Nf5 {[#]} 23. Bc6 $1 {[%cal Rc6b7]} Nd4 $2 {[%mdl 8192]} (23... Qb8 $16) 24. Bxb7 $18 Nxe2 25. Rxe2 $2 (25. Rc7 $18) 25... Bxb7 $14 26. Rc7 Rd1+ (26... Bxe4 $1 $14 27. Rxe7 (27. fxe4 Bd6 $14) 27... Bd5) 27. Kg2 $16 Ba6 (27... Bxe4 $16 {was necessary.} 28. fxe4 (28. Rxe7 Bd3 $16) 28... Bf6) 28. Rf2 $18 Bd8 (28... Bc5 $142) 29. Rxa7 Bb5 $2 (29... f6 30. Rxa6 fxe5 31. fxe5 Rd5) 30. Nc3 $1 {[%csl LRb5,LRd1][%mdl 64] [#] Double Attack. White is clearly winning.} f6 31. Nxd1 fxe5 32. fxe5 Bc6 33. Nc3 b5 34. Ra6 Bb7 35. Rxe6 {Accuracy: White = 56%, Black = 37%.} 1-0

[Event "CZE-ch Open 2019"]
[Site "Ostrava"]
[Date "2019.04.27"]
[Round "1.19"]
[White "Bures, Martin"]
[Black "Miesbauer, Jan"]
[Result "1/2-1/2"]
[WhiteElo "2150"]
[BlackElo "2402"]
[Annotator "TA"]
[PlyCount "119"]
[EventDate "2019.04.27"]
[EventType "swiss"]
[EventCountry "CZE"]
[SourceTitle "playchess.com"]
[Source "ChessBase"]
[SourceQuality "1"]

{[%evp 12,119,27,-18,48,-91,25,24,39,39,25,24,23,-18,-10,-11,-11,-11,-11,-17,-14,-12,-16,-15,-21,-12,-8,-8,-15,-18,-22,-23,-20,-16,-18,-26,-14,-14,0,-80,-80,-80,-80,-80,-80,-90,-84,-88,-102,-102,-96,-120,-120,-120,-120,-120,-120,-120,-120,-120,-120,-120,-120,-120,-120,-120,-120,-120,-120,-120,-39,-120,-34,-120,-120,-120,-34,-34,-34,-34,-34,-34,-34,-34,-34,-34,-34,-34,-8,-34,-34,-34,-34,-34,-8,-34,0,0,0,-34,0,0,0,0,0,-34,-34,-34,0,0]} 1. d4 Nf6 2. c4 g6 3. Nc3 d5 4. Bf4 Bg7 5. e3 O-O 6. Nf3 c5 7. Qb3 {[%cal Rc4d5]} (7. dxc5 $5 {[%cal Rc4d5]} Be6 8. Qb3 $11) 7... Be6 {D93: Grünfeld: 4 Nf3 Bg7 5 Bf4 0-0 6 e3} (7... cxd4 $11 8. Nxd4 (8. exd4 dxc4 9. Bxc4 Nc6 $15) 8... Nh5 9. Bxb8 Bxd4) 8. Ng5 $146 (8. Qxb7 $14 {stays ahead.} Qb6 9. Qxb6 (9. Qxa8 Nc6 $17) 9... axb6 10. Rd1) ({Predecessor:} 8. Qxb7 Qb6 9. Qxb6 axb6 10. dxc5 bxc5 11. Ng5 Nc6 12. Nxe6 fxe6 13. Be2 d4 14. Nb5 {½-½ (59) Sakaev,K (2594)-Gelfand,B (2747) Jurmala 2015}) 8... dxc4 (8... cxd4 $17 9. exd4 Qd7) 9. Qxb7 $11 Bd5 {White has an edge.} 10. Nxd5 Qxd5 11. Qxd5 Nxd5 12. Be5 cxd4 13. Bxg7 Kxg7 14. Bxc4 Nb6 15. Bb3 Nc6 16. O-O dxe3 17. fxe3 {[%cal Rb3f7]} Ne5 18. Rac1 h6 19. Nf3 Nxf3+ 20. gxf3 Rac8 21. Kf2 a5 22. a3 e6 23. Rfd1 Rxc1 24. Rxc1 {[%mdl 4096] Endgame KRB-KRN} Rb8 25. Rc7 (25. Bd1 $11 {remains equal.}) 25... Nd5 $17 26. Bxd5 Rxb2+ 27. Kg3 {And now Bxe6 would win.} exd5 {KR-KR} 28. Rc5 {[#]} a4 $1 {...Rb3 is the strong threat.} 29. Ra5 Rb3 30. Rxa4 Rxe3 31. Rd4 Rxa3 32. Rxd5 g5 33. Rd4 h5 34. h3 Kg6 35. Rd6+ f6 36. Rd5 Rb3 37. Ra5 Rd3 38. Rb5 h4+ 39. Kg2 Rd2+ 40. Kg1 Kf7 (40... Re2 $17 41. Ra5 Rd2) 41. Rb6 (41. Rb7+ $15 Kg6 42. Rb5) 41... Ke7 {[#]} (41... Rd3 $17 42. Kf2 Kg6) 42. Ra6 (42. f4 $1 $15 {[%mdl 512]}) 42... Rd6 43. Ra4 Ke6 ({Black should try} 43... f5 $17 44. Ra2 Kf6) 44. f4 $1 $15 Rd3 45. fxg5 fxg5 46. Ra5 Kf6 47. Kg2 Rd2+ 48. Kg1 Re2 49. Rb5 Re5 50. Rb8 Kf5 51. Rf8+ Ke4 52. Kg2 Ke3 53. Rf7 Ke2 54. Rf8 Re3 55. Rf2+ Ke1 {( -> ...Rg3+)} (55... Kd3 {is interesting.} 56. Rf3 Kd4 57. Kf2 Re4 58. Rb3 Rf4+) 56. Rf1+ Kd2 57. Rf5 Rg3+ 58. Kh2 Ke3 59. Ra5 Rf3 60. Rxg5 {Accuracy: White = 56%, Black = 55%.} 1/2-1/2

[Event "CZE-ch Open 2019"]
[Site "Ostrava"]
[Date "2019.04.27"]
[Round "1.20"]
[White "Mikes, Jan"]
[Black "Jun, Rudolf Jr."]
[Result "1-0"]
[WhiteElo "2394"]
[BlackElo "2138"]
[Annotator "TA"]
[PlyCount "79"]
[EventDate "2019.04.27"]
[EventType "swiss"]
[EventCountry "CZE"]
[SourceTitle "playchess.com"]
[Source "ChessBase"]
[SourceQuality "1"]

{[%evp 24,79,19,23,224,218,205,210,207,216,243,237,231,215,314,318,382,372,322,325,454,435,420,333,365,304,286,287,253,290,477,468,635,635,603,533,668,663,635,304,411,411,609,602,608,572,572,586,700,711,597,787,854,684,1060,1033,991,966]} 1. e4 c5 2. Nf3 e6 3. d4 cxd4 4. Nxd4 Nf6 5. Nc3 d6 6. Be2 a6 7. O-O Be7 8. f4 Qc7 9. a4 O-O 10. Kh1 Nc6 11. Be3 Bd7 12. Qe1 Nxd4 13. Bxd4 e5 $2 {[#] B85: Sicilian Scheveningen: 6 Be2 a6, lines with early Be3} (13... Bc6 $11) (13... Bc6 14. Qg3 Ne8 15. Bd3 Bf6 16. e5 dxe5 17. fxe5 Rd8 18. Bb6 Qxb6 19. exf6 g6 20. Be4 Nd6 21. Qh4 Bxe4 22. Nxe4 Nxe4 23. Qxe4 Qxb2 {0-1 (49) Azarov,S (2575)-Iturrizaga Bonelli,E (2637) chess.com INT 2019}) 14. fxe5 $1 $18 {[%mdl 64] Discovered Attack} dxe5 15. Qg3 Qc6 {White is clearly better.} 16. Bxe5 {Black must now prevent Nd5!} Ne8 17. Nd5 Bd8 18. c4 f6 $146 (18... Qg6 $142 19. Qe3 Rc8) ({Predecessor:} 18... Qg6 19. Qxg6 hxg6 20. a5 Rc8 21. Rfd1 {1-0 (33) Holaszek,H-De Castro,E Skopje 1972}) 19. Bc3 Nd6 20. Bd3 Ne8 21. b4 {[%cal Bb2b4,Bb4b5][%mdl 32]} Kh8 22. b5 Qe6 23. Bb4 Rf7 24. Nf4 Qg4 25. Qxg4 Bxg4 26. h3 Bd7 $2 {[#]} (26... g5 27. Nd5 Be6) 27. e5 $1 {[%mdl 512]} fxe5 {[#]} 28. Ng6+ $1 {[%mdl 576] Discovered Attack} Kg8 (28... hxg6 29. Rxf7) 29. Nxe5 Rxf1+ 30. Rxf1 {[%csl Gb4][%cal Rf1f8]} Nf6 {[#]} 31. Rxf6 (31. Be4 $142 $1 {[%mdl 512]} Be7 (31... Nxe4 32. Rf8#) 32. Bxb7 {[%mdl 64] Double Attack}) 31... Bxf6 32. Nxd7 Bd4 (32... Bg5 $142 33. Be4 axb5 34. axb5 Ra1+ 35. Kh2 Bf4+ 36. g3 Ra2+ 37. Kg1 Bxg3 38. Bxb7 Kf7) 33. Be4 {White is clearly winning.} axb5 34. Bd5+ Kh8 35. axb5 {[%cal Ba4b5,Bb5b6][%mdl 32]} Ra1+ 36. Kh2 b6 37. Bd6 Ra7 38. Bc6 Kg8 39. c5 bxc5 40. b6 {Accuracy: White = 74%, Black = 34%.} 1-0